| 000 | 02044cam a22004095a 4500 | ||
|---|---|---|---|
| 001 | L142405 | ||
| 002 | 16994 | ||
| 008 | 080212s2008 xxk f 000 0 eng d | ||
| 020 | _a9781842193501 | ||
| 035 | _a(Sirsi) u142405 | ||
| 041 | 0 | _aeng | |
| 050 | 0 | 4 | _a690.2 $2 18 |
| 110 | 2 |
_aWatts Group Plc _95510 |
|
| 245 | 0 | 0 |
_aWatts pocket handbook _b2008 |
| 250 | _a24th ed. | ||
| 260 |
_aLondon _bRICS Books _c2008 |
||
| 300 |
_aviii, 440p. _c18cm. |
||
| 505 | 2 | _aProperty investment and ownership -- Development and procurement -- Cost management -- Legislation -- Design -- Materials and defects -- Sustainability -- Maintenance management -- APC student help -- Technical resources -- Index -- Watts Group directory | |
| 520 | _a2008 edition of this annual publication providing legal and technical advice and guidance for those working in property and construction. New content in this edition includes: a basic introduction to structures; Building Regulations and conservation of historic buildings; code for sustainable homes; contractor appointment and tendering; electromagnetic fields; geomatics; green legislation; appointment of consultants, 2007 construction costs; tendering routes; value engineering; Official Journal of the European Union. | ||
| 520 | _aSuperseded by 25th edition (ISBN 9781842194188). | ||
| 521 | _aAdvanced | ||
| 590 | _aKA | ||
| 650 | 2 | 4 | _aBUILDING ACT 1984 |
| 650 | 2 | 4 | _aREGULATORY REFORM (FIRE SAFETY) ORDER 2005 |
| 650 | 2 | 4 | _aDISABILITY DISCRIMINATION ACT 2005 |
| 650 | 2 | 4 | _aWORKPLACE REGULATIONS |
| 650 | 2 | 4 | _aWORK AT HEIGHT REGULATIONS 2005 |
| 650 | 2 | 4 | _aBUILDING (AMENDMENT) REGULATIONS 2004 |
| 650 | 2 | 4 | _aCONSTRUCTION (HEALTH, SAFETY AND WELFARE) REGULATIONS 1996 |
| 650 | 2 | 4 | _aCONSTRUCTION (DESIGN AND MANAGEMENT) REGULATIONS 2007 |
| 650 | 2 | 4 | _aLATENT DAMAGE ACT 1986 |
| 650 | 2 | 4 | _aHOUSING GRANTS, CONSTRUCTION AND REGENERATION ACT 1996 PART II |
| 650 | 2 | 4 | _aLANDLORD AND TENANT ACT 1927 S18(1) |
| 651 | 4 |
_aUnited Kingdom _y |
|
| 690 | _aBUILT ENVIRONMENT | ||
| 942 | _n0 | ||
| 999 |
_c107880 _d107880 |
||